Characters from Books #2 - Statistics

General Stats
  • This quiz has been taken 80,181 times
    66,333 since last reset
  • The average score is 12 of 20
Answer Stats
Character Book % Correct
Hermione Granger Harry Potter series
98%
Willy Wonka Charlie and the Chocolate Factory
95%
The Mad Hatter Alice's Adventures in Wonderland
93%
Bilbo Baggins The Hobbit
89%
Katniss Everdeen The Hunger Games series
86%
Christopher Robin Winnie-the-Pooh
81%
Bella Swan Twilight series
76%
Ebenezer Scrooge A Christmas Carol
73%
Mercutio Romeo and Juliet
62%
Jean Valjean Les Miserables
61%
Athos, Porthos & Aramis The Three Musketeers
60%
Long John Silver Treasure Island
53%
Holden Caulfield The Catcher in the Rye
46%
Grendel Beowulf
38%
Iago Othello
37%
Kunta Kinte Roots
33%
T. S. Garp The World According to Garp
23%
Lyra Silvertongue His Dark Materials series
22%
Mr. Kurtz Heart of Darkness
17%
Alexander Portnoy Portnoy's Complaint
15%
No matching quizzes found
Score Distribution
Percent of People with Each Score
Percentile by Number Answered
Your Score History
You have not taken this quiz since the last reset